000 00653nam a22001337a 4500
040 _cRUA
082 _aVEM CHH 2015 B481 Or.1
100 _aCHHON ROTH; ឈន រដ្ឋ
245 _aEffect of antibiotics on diarrhea of suckling piglets in phnom penh, ប្រសិទ្ធភាពអង់ទីប៊ីយ៉ូទិចលើជំងឺរាកកូនជ្រូកអំឡុងពេលបៅដោះនៅរាជធានីភ្នំពេញ
260 _aPhnom Penh
_bRUA
_c2015
300 _aix,41p.
_bill.
_c29cm.
856 _uhttps://drive.google.com/file/d/1gVtsaWJO-AOJ9fp0PYpbtJwYvmQS2NZ-/view?usp=sharing
942 _cVEM
999 _c8147
_d8147